LEADER 01902nam0 2200337 i 450 001 SUN0056089 005 20180430090143.141 010 $a978-35-401-6699-3$d0.00 100 $a20061115d1987 |0engc50 ba 101 $aeng 102 $aDE 105 $a|||| ||||| 200 1 $a*Partial differential equations$ean introduction to a general theory of linear boundary value problems$fAleksei A. Dezin$gtranslated from the Russian by Ralph P. Boas 205 $aBerlin : Springer, 1987 210 $aXII$d163 p. ; 24 cm 215 $aTraduzione di: Obshcie voprosy teorii granichnykh zadach. 410 1$1001SUN0052673$12001 $a*Springer series in Soviet mathematics$1210 $aBerlin$cSpringer$d1984-1990. 606 $a35-XX$xPartial differential equations [MSC 2020]$2MF$3SUNC019763 606 $a47A53$x(Semi-) Fredholm operators; index theories [MSC 2020]$2MF$3SUNC019871 606 $a35R20$xOperator partial differential equations (= PDEs on finite-dimensional spaces for abstract space valued functions) [MSC 2020]$2MF$3SUNC022325 606 $a34B10$xNonlocal and multipoint boundary value problems for ordinary differential equations [MSC 2020]$2MF$3SUNC022565 606 $a35G15$xBoundary value problems for linear higher-order PDEs [MSC 2020]$2MF$3SUNC022741 620 $dBerlin$3SUNL000066 700 1$aDezin$b, Aleksei A.$3SUNV044579$041475 712 $aSpringer$3SUNV000178$4650 801 $aIT$bSOL$c20201019$gRICA 856 4 $u/sebina/repository/catalogazione/documenti/Dezin - Partial differential equations, an introduction to a general theory of linear boundary value problems.pdf$zContents 912 $aSUN0056089 950 $aUFFICIO DI BIBLIOTECA DEL DIPARTIMENTO DI MATEMATICA E FISICA$d08PREST 35-XX 1123 $e08 2722 I 20061115 996 $aPartial Differential Equations$9348788 997 $aUNICAMPANIA